000 00213nam a22000857a 4500
008 170111b xxu||||| |||| 00| 0 eng d
100 _92339
_aDatta.S.
245 _aSocial Life of Animals
260 _aNew Delhi
_bNBT
_c2006
999 _c5276
_d5276